000 01118nam a2200277 a 4500
001 BRCA_406
005 20190320203009.0
008 890524m19881989it-a---##b---#001-0#ita-#
040 _aDLC
_cDLC
_dDLC
041 _aita
044 _ait
050 4 _aNK4315
_b.F56 1988
100 1 _aFiocco, Carola
_91376
245 1 0 _aCeramiche Umbre dal Medioevo allo Storicismo
_cCarola Fiocco, Gabriella Gherardi.
260 _aFaenza, Ravenna
_bLitografie Artistiche Faentine
_c1988-1989
300 _a2 v.
_bil. (algunas a color)
_c26 cm.
440 0 _aCatalogo gererale delle raccolte a cura di Gian Carlo Bojani
_v5
_91377
500 _aIncluye índice de nombres y referencias fotográficas (parte 2)
504 _aBibliografía : p. 582-603 (parte 2)
505 0 _aContenido : Parte 1a. Orvieto e Deruta. -- Parte 2a. Gubbio, Altri Centri, lo Storicismo
610 2 4 _aMuseo Internazionale delle Ceramiche (Faenza, Italia)
_vCatálogos
_91378
650 1 4 _aMayólica italiana
_vCatálogos
_91379
650 1 4 _aMayólica medieval
_vCatálogos
_zItalia
_91380
700 1 _aGherardi, Gabriella
_ecoaut.
_91381
942 _2lcc
_cB
999 _c341
_d341